American Graffiti: Entstehung, Einordnung, Aneignung

Saved in:  
Bibliographic Details
Main Author: Galladé, Katharina (Author)
Format: Print Article
Language:English
Published: 2021
In: Graffiti
Year: 2021, Pages: 47-61
Check availability: HBZ Gateway
Keywords:

MARC

LEADER 00000caa a2200000 c 4500
001 1820244091
003 DE-627
005 20250723082911.0
007 tu
008 221028s2021 xx ||||| 00| ||eng c
020 |a 9783779964483 
035 |a (DE-627)1820244091 
035 |a (DE-599)KXP1820244091 
040 |a DE-627  |b ger  |c DE-627  |e rda 
041 |a eng 
100 1 |a Galladé, Katharina  |e VerfasserIn  |4 aut 
245 1 0 |a American Graffiti  |b Entstehung, Einordnung, Aneignung  |c Katharina Galladé 
264 1 |c 2021 
336 |a Text  |b txt  |2 rdacontent 
337 |a ohne Hilfsmittel zu benutzen  |b n  |2 rdamedia 
338 |a Band  |b nc  |2 rdacarrier 
650 4 |a Graffiti 
650 4 |a Historische Entwicklung 
650 4 |a Jugendbewegung 
650 4 |a Subkultur 
650 4 |a Kunst 
651 4 |a Usa 
773 0 8 |i Enthalten in  |t Graffiti  |b 1. Auflage  |d Weinheim : Beltz Juventa, 2021  |g (2021), Seite 47-61  |h 255 Seiten  |w (DE-627)1755649479  |z 9783779964483  |z 3779964481  |7 nnam 
773 1 8 |g year:2021  |g pages:47-61 
951 |a AR 
ELC |b 1 
LOK |0 000 xxxxxcx a22 zn 4500 
LOK |0 001 4208557915 
LOK |0 003 DE-627 
LOK |0 004 1820244091 
LOK |0 005 20250723082911 
LOK |0 008 221110||||||||||||||||ger||||||| 
LOK |0 040   |a DE-21-110  |c DE-627  |d DE-21-110 
LOK |0 852   |a DE-21-110 
LOK |0 852 1  |m p  |9 00 
LOK |0 938   |k p 
LOK |0 939   |a 10-11-22  |b l01 
ORI |a SA-MARC-krimdoka001.raw